| 000 | 00738cam a22002533a 4500 | ||
|---|---|---|---|
| 001 | 18875 | ||
| 003 | PGUSA | ||
| 005 | 20140828083412.0 | ||
| 008 | 060719s2006||||xxu|||||s|||||000 1 eng d | ||
| 040 |
_aPGUSA _beng |
||
| 042 | _adc | ||
| 050 | 4 | _aPS | |
| 100 | 1 |
_aStringer, Arthur, _d1874-1950 |
|
| 245 | 1 | 4 |
_aThe Prairie Wife _h[electronic resource] / _cArthur Stringer |
| 260 |
_bProject Gutenberg, _c2006 |
||
| 506 | _aPublic domain in the USA. | ||
| 516 | _aElectronic text | ||
| 653 | _aCanada -- Fiction | ||
| 653 | _aFrontier and pioneer life -- Prairie Provinces -- Fiction | ||
| 700 | 1 |
_aDunn, Harvey, _d1884-1952 |
|
| 830 | 0 |
_aProject Gutenberg _v18875 |
|
| 856 | 4 | 0 | _uhttp://www.gutenberg.org/ebooks/18875 |
| 942 | _cEB | ||
| 999 |
_c248130 _d248130 |
||